Vymáhanie pohľadávok Sociálnou poisťovňou

Cieľom novely exekučného poriadku je zefektívniť vymáhanie pohľadávok pre veriteľov a zároveň poskytnúť primeranú ochranu základným právam dlžníka. Zavedením konania vo veciach vymáhania pohľadávok Sociálnou poisťovňou by sa malo samotné konanie zrýchliť, keďže nebude potrebný exekútor ako medzistup...

Descrizione completa

Salvato in:
Dettagli Bibliografici
Autore principale: Hornáček, Vladimír
Natura: Capitolo di libro
Lingua:slovacco
Soggetti:
Tags: Aggiungi Tag
Nessun Tag, puoi essere il primo ad aggiungerne!!

MARC

LEADER 00000naa a2200000 4500
001 0234449
005 20170714104536.8
041 0 |a slo 
044 |a SK 
245 1 0 |a Vymáhanie pohľadávok Sociálnou poisťovňou  |c Vladimír Hornáček 
520 |a Cieľom novely exekučného poriadku je zefektívniť vymáhanie pohľadávok pre veriteľov a zároveň poskytnúť primeranú ochranu základným právam dlžníka. Zavedením konania vo veciach vymáhania pohľadávok Sociálnou poisťovňou by sa malo samotné konanie zrýchliť, keďže nebude potrebný exekútor ako medzistupeň. Prínos saa očakáva aj v tom, že sa podarí rýchlejšie vymôcť pohľadávky, najmä dlžné poistné, ktoré tak môže ďalej cirkulovať v systéme sociálneho poistenia. 
610 2 0 |a poriadok exekučný 
610 2 0 |a novelizácia 
610 2 0 |a poistenie sociálne 
610 2 0 |a poisťovne sociálne 
610 2 0 |a vymáhanie pohľadávok 
100 1 |a Hornáček, Vladimír